Пути инновационного взаимодействия органов местного самоуправления и градообразующих предприятий; Известия Томского политехнического университета [Известия ТПУ]; Т. 310, № 3
| Parent link: | Известия Томского политехнического университета [Известия ТПУ]/ Томский политехнический университет (ТПУ).— , 2000- Т. 310, № 3.— 2007.— [С. 116-118] |
|---|---|
| Yazar: | |
| Diğer Yazarlar: | |
| Özet: | Заглавие с титульного листа Электронная версия печатной публикации В условиях монопрофильных городов особую остроту приобретает вопрос использования инновационного потенциала градообразующих предприятий для решения социально-экономических проблем муниципалитетов. Ключевым моментом взаимодействия органов местного самоуправления и градообразующего предприятия является создание инновационной системы, способной обеспечить объединение усилий в интересах ускоренного и эффективного использования достижений науки и технологий, создание надёжной базы бюджетной обеспеченности и занятости населения. |
| Dil: | Rusça |
| Baskı/Yayın Bilgisi: |
2007
|
| Seri Bilgileri: | Экономика |
| Konular: | |
| Online Erişim: | http://www.lib.tpu.ru/fulltext/v/Bulletin_TPU/2007/v310/i3/27.pdf |
| Materyal Türü: | Elektronik Kitap Bölümü |
| KOHA link: | https://koha.lib.tpu.ru/cgi-bin/koha/opac-detail.pl?biblionumber=172261 |
MARC
| LEADER | 00000nla2a2200000 4500 | ||
|---|---|---|---|
| 001 | 172261 | ||
| 005 | 20231101223021.0 | ||
| 035 | |a (RuTPU)RU\TPU\book\186782 | ||
| 035 | |a RU\TPU\book\186778 | ||
| 090 | |a 172261 | ||
| 100 | |a 20091211d2007 k y0rusy50 ca | ||
| 101 | 0 | |a rus | |
| 102 | |a RU | ||
| 135 | |a drnn ---uucaa | ||
| 181 | 0 | |a i | |
| 182 | 0 | |a b | |
| 200 | 1 | |a Пути инновационного взаимодействия органов местного самоуправления и градообразующих предприятий |b Электронный ресурс |f В. А. Трифонов, М. М. Лобанов | |
| 203 | |a Текст |c электронный | ||
| 215 | |a 1 файл (119 Кб) | ||
| 225 | 1 | |a Экономика | |
| 230 | |a Электронные текстовые данные (1 файл : 119 Кб) | ||
| 300 | |a Заглавие с титульного листа | ||
| 300 | |a Электронная версия печатной публикации | ||
| 320 | |a [Библиогр.: с. 118 (4 назв.)] | ||
| 330 | |a В условиях монопрофильных городов особую остроту приобретает вопрос использования инновационного потенциала градообразующих предприятий для решения социально-экономических проблем муниципалитетов. Ключевым моментом взаимодействия органов местного самоуправления и градообразующего предприятия является создание инновационной системы, способной обеспечить объединение усилий в интересах ускоренного и эффективного использования достижений науки и технологий, создание надёжной базы бюджетной обеспеченности и занятости населения. | ||
| 337 | |a Adobe Reader | ||
| 461 | 1 | |0 (RuTPU)RU\TPU\book\176237 |t Известия Томского политехнического университета [Известия ТПУ] |f Томский политехнический университет (ТПУ) |d 2000- | |
| 463 | 1 | |0 (RuTPU)RU\TPU\book\186734 |x 1684-8519 |t Т. 310, № 3 |v [С. 116-118] |d 2007 |p 280 с. | |
| 610 | 1 | |a инновационное взаимодействие | |
| 610 | 1 | |a органы местного самоуправления | |
| 610 | 1 | |a градообразующие предприятия | |
| 610 | 1 | |a монопрофильные города | |
| 610 | 1 | |a инновационный потенциал | |
| 610 | 1 | |a социально-экономические проблемы | |
| 610 | 1 | |a муниципалитеты | |
| 610 | 1 | |a инновационные системы | |
| 610 | 1 | |a достижения науки | |
| 610 | 1 | |a технологии | |
| 610 | 1 | |a бюджетная обеспеченность | |
| 610 | 1 | |a занятость | |
| 610 | 1 | |a население | |
| 610 | 1 | |a труды учёных ТПУ | |
| 610 | 1 | |a электронный ресурс | |
| 700 | 1 | |a Трифонов |b В. А. |c экономист |c доцент Юргинского технологического института Томского политехнического университета, кандидат экономических наук |f 1964- |g Владимир Александрович |2 stltpush |3 (RuTPU)RU\TPU\pers\31908 |9 15978 | |
| 701 | 1 | |a Лобанов |b М. М. | |
| 801 | 1 | |a RU |b 63413507 |c 20090623 |g PSBO | |
| 801 | 2 | |a RU |b 63413507 |c 20211115 |g PSBO | |
| 856 | 4 | |u http://www.lib.tpu.ru/fulltext/v/Bulletin_TPU/2007/v310/i3/27.pdf | |
| 942 | |c CF | ||